Proceso, autocomposicion y autodefensa

Uloženo v:
Podrobná bibliografie
Hlavní autor: Alcalá-Zamora y Castillo, Niceto (Autor)
Médium: Kniha
Jazyk:španělština
Vydáno: Ciudad de México Jurídica Universitaria 2001
Edice:Clásicos de la Teoría General del Proceso, 2
Témata:
Tagy: Přidat tag
Žádné tagy, Buďte první, kdo vytvoří štítek k tomuto záznamu!

MARC

LEADER 00000nam a2200000 a 4500
001 UCI4179
003 CL-VaPUC
008 071228e20010000MX |||||||||||||||||spa|d
020 |a 9968380806 Serie Completa 
020 |a 9968380024 
082 0 4 |a 347  |b ALC  |2 21 
100 0 |a Alcalá-Zamora y Castillo, Niceto  |e author  |9 525916 
245 1 0 |a Proceso, autocomposicion y autodefensa 
300 |a 136 p 
942 |c BK 
945 |d 20071228 00:00:00  |a rbrito 
260 |a Ciudad de México  |b Jurídica Universitaria  |c 2001 
650 0 |a Derecho procesal penal  |9 255496 
650 0 |a Apreciación de la prueba  |9 254854 
650 0 |a Derecho procesal penal   |9 256392 
650 0 |a Procedimiento penal  |9 254974 
650 0 |a Procedimiento administrativo  |9 256132 
650 0 |a Autodefensa   |9 456042 
650 7 |a PROCESO  |2 CL-VaPUC  |9 335377 
650 0 |a Derecho comparado  |9 255664 
583 |a last modification  |c 20190710 06:30:52  |k Rodrigo Vera 
490 0 |a Clásicos de la Teoría General del Proceso, 2 
999 |c 328161  |d 328159 
952 |0 0  |1 0  |4 0  |6 347_000000000000000_ALC_2001  |7 0  |8 A  |9 411953  |a BIBDER  |b BIBDER  |d 2019-11-22  |i 439884K  |o 347 ALC 2001  |p 439884K  |r 2023-01-25  |w 2019-11-22  |y BK  |k DER